[Event "Budapest One Week IM-B 12"]
[Site "Budapest"]
[Date "2024.12.19"]
[Round "7"]
[White "Kustar, Sandor"]
[Black "Aditya, Kunal Patil"]
[Result "1/2-1/2"]
[WhiteElo "2245"]
[BlackElo "2040"]
[PlyCount "57"]
[EventDate "2024.12.16"]
[EventType "tourn"]
[EventRounds "9"]
[EventCountry "HUN"]
[SourceTitle "CB52_2024"]
[SourceDate "2024.12.25"]
[SourceVersion "1"]
[SourceVersionDate "2024.12.25"]
[SourceQuality "1"]

1. Nf3 d5 2. b3 Nf6 3. g3 Bg4 4. Bg2 e6 5. Bb2 Be7 6. d3 0-0 7. h3 Bh5 8. g4 Bg6 9. Nh4 Nfd7 10. Nxg6 hxg6 11. c4 Bf6 12. Nc3 c6 13. Qd2 a6 14. d4 dxc4 15. bxc4 Nb6 16. Ne4 Nxc4 17. Qb4 Nxb2 18. Nxf6+ Qxf6 19. 0-0 Nd7 20. Qxb2 Rab8 21. Rab1 Rfc8 22. Qa3 Qxd4 23. Rfd1 Qc5 24. Qg3 Qe7 25. Rdc1 e5 26. Qe3 b5 27. Qa7 Ra8 28. Qb7 Rab8 29. Qa7 1/2-1/2

[Event "Budapest One Week IM-B 12"]
[Site "Budapest"]
[Date "2024.12.18"]
[Round "6"]
[White "Aditya, Kunal Patil"]
[Black "Pribelszky, Bence Daniel"]
[Result "0-1"]
[WhiteElo "2040"]
[BlackElo "2392"]
[PlyCount "64"]
[EventDate "2024.12.16"]
[EventType "tourn"]
[EventRounds "9"]
[EventCountry "HUN"]
[SourceTitle "CB52_2024"]
[SourceDate "2024.12.25"]
[SourceVersion "1"]
[SourceVersionDate "2024.12.25"]
[SourceQuality "1"]

1. e4 g6 2. d4 Bg7 3. Nc3 a6 4. f4 b5 5. Nf3 Bb7 6. Bd3 d6 7. Be3 Nd7 8. e5 c5 9. Be4 Qc8 10. Qe2 b4 11. Bxb7 Qxb7 12. Nb1 cxd4 13. Bxd4 dxe5 14. fxe5 e6 15. a3 Ne7 16. axb4 Nc6 17. Bc3 0-0 18. 0-0 Nxb4 19. Na3 Nd5 20. Bd4 Nb8 21. b3 Nc6 22. Bb2 a5 23. Nc4 Qb5 24. Qf2 a4 25. Ba3 axb3 26. Bxf8 Rxa1 27. Rxa1 Bxf8 28. Nd6 b2 29. Rb1 Bxd6 30. c4 Qxc4 31. exd6 Qc1+ 32. Qe1 Nc3 0-1

[Event "Budapest One Week IM-B 12"]
[Site "Budapest"]
[Date "2024.12.17"]
[Round "4"]
[White "Aditya, Kunal Patil"]
[Black "Haszon, David"]
[Result "1/2-1/2"]
[WhiteElo "2040"]
[BlackElo "2246"]
[PlyCount "81"]
[EventDate "2024.12.16"]
[EventType "tourn"]
[EventRounds "9"]
[EventCountry "HUN"]
[SourceTitle "CB52_2024"]
[SourceDate "2024.12.25"]
[SourceVersion "1"]
[SourceVersionDate "2024.12.25"]
[SourceQuality "1"]

1. e4 c6 2. Nf3 d6 3. Nc3 b5 4. d4 b4 5. Nb1 g6 6. Be3 Bg7 7. Nbd2 Nf6 8. h3 0-0 9. Bd3 Nbd7 10. 0-0 Qc7 11. Re1 c5 12. Rc1 cxd4 13. Bxd4 Ne5 14. Bf1 Bb7 15. c3 Nxf3+ 16. Qxf3 bxc3 17. Qxc3 Qxc3 18. Bxc3 Rfc8 19. e5 dxe5 20. Bxe5 Bh6 21. Rxc8+ Rxc8 22. Nc4 Bd5 23. b3 Nd7 24. Bd4 e6 25. Bxa7 Ra8 26. Be3 Bxe3 27. Nxe3 Rxa2 28. Nxd5 exd5 29. Rd1 Nb6 30. g3 Ra7 31. Bg2 Rd7 32. Rd4 Kf8 33. Kf1 Ke7 34. Rb4 Na8 35. Ke2 Nc7 36. Kd3 Rd8 37. Rb6 h5 38. h4 Ra8 39. Rc6 Kd7 40. Rf6 Ke7 41. Rc6 1/2-1/2

[Event "Wroclaw op-A"]
[Site "Wroclaw"]
[Date "2024.08.13"]
[Round "8"]
[White "Grochol, Kamil"]
[Black "Aditya, Kunal Patil"]
[Result "1/2-1/2"]
[WhiteElo "2123"]
[BlackElo "2004"]
[PlyCount "35"]
[EventDate "2024.08.08"]
[EventType "swiss"]
[EventRounds "9"]
[EventCountry "POL"]
[SourceTitle "EXT 2025"]
[Source "ChessBase"]
[SourceDate "2024.10.14"]
[SourceVersion "1"]
[SourceVersionDate "2024.10.14"]
[SourceQuality "1"]

1. d4 d5 2. Bf4 Nf6 3. e3 c5 4. c3 Nc6 5. Nd2 Qb6 6. Qb3 c4 7. Qc2 Bg4 8. e4 e6 9. Ngf3 Bh5 10. Ne5 Nxe5 11. Bxe5 Be7 12. exd5 exd5 13. Be2 Bg6 14. Qa4+ Qc6 15. Qxc6+ bxc6 16. 0-0-0 Ne4 17. Nxe4 Bxe4 18. Rhg1 1/2-1/2

[Event "Wroclaw op-A"]
[Site "Wroclaw"]
[Date "2024.08.12"]
[Round "7"]
[White "Aditya, Kunal Patil"]
[Black "Jaskolka, Tomasz"]
[Result "0-1"]
[WhiteElo "2004"]
[BlackElo "2258"]
[PlyCount "68"]
[EventDate "2024.08.08"]
[EventType "swiss"]
[EventRounds "9"]
[EventCountry "POL"]
[SourceTitle "EXT 2025"]
[Source "ChessBase"]
[SourceDate "2024.10.14"]
[SourceVersion "1"]
[SourceVersionDate "2024.10.14"]
[SourceQuality "1"]

1. e4 c5 2. Nc3 e6 3. f4 d5 4. d3 b5 5. Nf3 b4 6. Nb1 Bb7 7. Nbd2 Nf6 8. e5 Ng4 9. Qe2 h5 10. g3 Nc6 11. Bg2 Qb6 12. Nf1 c4 13. h3 cxd3 14. cxd3 Nh6 15. Be3 Qa5 16. b3 Nf5 17. Bf2 Bc5 18. Rc1 Bb6 19. g4 Nfd4 20. Nxd4 Nxd4 21. Qb2 Nb5 22. d4 Nc3 23. Rc2 Ba6 24. Ng3 hxg4 25. hxg4 Rxh1+ 26. Bxh1 Qb5 27. Bg2 Qd3 28. Rd2 Qg6 29. Bf3 Rc8 30. Qc2 Qh6 31. Nh5 Ne4 32. g5 Qh8 33. Qb2 Rc3 34. Bg4 g6 0-1

[Event "Wroclaw op-A"]
[Site "Wroclaw"]
[Date "2024.08.09"]
[Round "3"]
[White "Aditya, Kunal Patil"]
[Black "Oliinyk, Serafym"]
[Result "1/2-1/2"]
[WhiteElo "2004"]
[BlackElo "2196"]
[PlyCount "51"]
[EventDate "2024.08.08"]
[EventType "swiss"]
[EventRounds "9"]
[EventCountry "POL"]
[SourceTitle "EXT 2025"]
[Source "ChessBase"]
[SourceDate "2024.10.14"]
[SourceVersion "1"]
[SourceVersionDate "2024.10.14"]
[SourceQuality "1"]

1. e4 e5 2. Nf3 Nc6 3. Bc4 Nf6 4. d3 Bc5 5. c3 d6 6. Nbd2 a5 7. Bb3 0-0 8. 0-0 Be6 9. Ba4 Ba7 10. Re1 Ne7 11. Nf1 Ng6 12. Be3 c6 13. Bxa7 Rxa7 14. d4 b5 15. Bb3 a4 16. Bxe6 fxe6 17. dxe5 Nxe5 18. Nxe5 dxe5 19. Qe2 Qe8 20. Ng3 h5 21. Qe3 Qb8 22. Qg5 Qb6 23. Re2 Qc5 24. a3 Ng4 25. Rf1 Nf6 26. Nxh5 1/2-1/2

[Event "Budapest FS12 Nadassy"]
[Site "Budapest"]
[Date "2023.12.10"]
[Round "8.4"]
[White "Aditya, Kunal Patil"]
[Black "Varga, Csaba Zoltan"]
[Result "1-0"]
[WhiteElo "1982"]
[BlackElo "2201"]
[PlyCount "93"]
[EventDate "2023.12.02"]
[EventType "tourn"]
[EventRounds "10"]
[EventCountry "HUN"]
[SourceTitle "CBM 217 Extra"]
[Source "ChessBase"]
[SourceDate "2024.01.31"]
[SourceVersion "1"]
[SourceVersionDate "2024.01.31"]
[SourceQuality "1"]
[WhiteTeam "Team Lower Elo"]
[BlackTeam "Team Higher Elo"]
[WhiteTeamCountry "HUN"]
[BlackTeamCountry "HUN"]

1. e4 e5 2. Nf3 Nc6 3. Bc4 Bc5 4. c3 Nf6 5. d3 a5 6. Bb3 0-0 7. Nbd2 d5 8. exd5 Nxd5 9. Ne4 Be7 10. 0-0 Kh8 11. Re1 Bg4 12. h3 Bh5 13. Ng3 Bg6 14. Nxe5 Nxe5 15. Rxe5 Nb6 16. d4 Bd6 17. Re1 Qh4 18. Qf3 a4 19. Bd5 Rae8 20. Rxe8 Rxe8 21. Bxb7 Bh5 22. Qd3 Re1+ 23. Kh2 Rd1 24. Qb5 Qe7 25. Bg5 f6 26. Rxd1 Bxd1 27. Bd2 h5 28. Kg1 Qe6 29. Qf5 Qxf5 30. Nxf5 a3 31. bxa3 Bxa3 32. Bf4 c5 33. Bd6 Na4 34. Bc6 Nxc3 35. Bxc5 Bxc5 36. dxc5 Nxa2 37. Bd7 Nb4 38. c6 Ba4 39. Ne7 Bb5 40. Be8 Na6 41. Nd5 h4 42. c7 Nxc7 43. Nxc7 Bc4 44. Bg6 Kg8 45. Ne8 Kf8 46. Nd6 Bb3 47. Nf5 1-0

[Event "Budapest FS12 Nadassy"]
[Site "Budapest"]
[Date "2023.12.08"]
[Round "6.1"]
[White "Aditya, Kunal Patil"]
[Black "Farago, Sandor"]
[Result "1/2-1/2"]
[WhiteElo "1982"]
[BlackElo "2036"]
[PlyCount "81"]
[EventDate "2023.12.02"]
[EventType "tourn"]
[EventRounds "10"]
[EventCountry "HUN"]
[SourceTitle "CBM 217 Extra"]
[Source "ChessBase"]
[SourceDate "2024.01.31"]
[SourceVersion "1"]
[SourceVersionDate "2024.01.31"]
[SourceQuality "1"]
[WhiteTeam "Team Lower Elo"]
[BlackTeam "Team Higher Elo"]
[WhiteTeamCountry "HUN"]
[BlackTeamCountry "HUN"]

1. e4 c5 2. Nc3 e6 3. f4 d5 4. d3 Nc6 5. Nf3 Nf6 6. e5 d4 7. exf6 dxc3 8. bxc3 Qxf6 9. Bd2 Bd6 10. g3 e5 11. fxe5 Nxe5 12. Bg2 Bg4 13. 0-0 Qe7 14. Qe1 Bxf3 15. Bxf3 Nxf3+ 16. Rxf3 0-0 17. Re3 Qd7 18. c4 f5 19. Rf3 Rae8 20. Qf2 Be5 21. Re1 Bd4 22. Be3 Qe6 23. Kf1 Qc6 24. Bxd4 Rxe1+ 25. Kxe1 cxd4 26. Kd2 Qc5 27. a3 Re8 28. Rxf5 Qxa3 29. Rd5 Qc3+ 30. Kd1 a5 31. Rd7 Rf8 32. Qe2 a4 33. Qe6+ Kh8 34. Qf7 Rg8 35. Re7 Qa1+ 36. Kd2 Qc3+ 37. Kd1 Qa1+ 38. Kd2 h6 39. Re8 Rxe8 40. Qxe8+ Kh7 41. Qe4+ 1/2-1/2

[Event "Budapest FS12 Nadassy"]
[Site "Budapest"]
[Date "2023.12.05"]
[Round "4.3"]
[White "Aditya, Kunal Patil"]
[Black "Ladanyi, Tibor"]
[Result "1/2-1/2"]
[WhiteElo "1982"]
[BlackElo "2006"]
[PlyCount "84"]
[EventDate "2023.12.02"]
[EventType "tourn"]
[EventRounds "10"]
[EventCountry "HUN"]
[SourceTitle "CBM 217 Extra"]
[Source "ChessBase"]
[SourceDate "2024.01.31"]
[SourceVersion "1"]
[SourceVersionDate "2024.01.31"]
[SourceQuality "1"]
[WhiteTeam "Team Lower Elo"]
[BlackTeam "Team Higher Elo"]
[WhiteTeamCountry "HUN"]
[BlackTeamCountry "HUN"]

1. e4 c5 2. Nc3 Nc6 3. f4 g6 4. Nf3 Bg7 5. Bc4 e6 6. d3 Nge7 7. 0-0 0-0 8. Qe1 d5 9. Bb3 Nd4 10. Nxd4 cxd4 11. Nb1 dxe4 12. dxe4 Bd7 13. Bc4 b5 14. Bd3 Qb6 15. Nd2 a5 16. Nf3 b4 17. Qh4 Rfe8 18. f5 exf5 19. e5 Nc6 20. g4 Nxe5 21. Nxe5 Rxe5 22. Bh6 fxg4 23. Bxg7 Kxg7 24. Rxf7+ Kxf7 25. Qxh7+ Ke8 26. Qh8+ Ke7 27. Qxe5+ Qe6 28. Qg7+ Kd6 29. Qxd4+ Kc7 30. Qc4+ Qxc4 31. Bxc4 Bf5 32. Rd1 Re8 33. Kf2 Bxc2 34. Rc1 Rf8+ 35. Kg3 Bf5 36. Be2+ Kb6 37. Rd1 Kc5 38. Rd2 Re8 39. Bxg4 Re3+ 40. Kf2 Re4 41. Bxf5 gxf5 42. b3 a4 1/2-1/2

[Event "Budapest FS12 Nadassy"]
[Site "Budapest"]
[Date "2023.12.02"]
[Round "1.1"]
[White "Farago, Sandor"]
[Black "Aditya, Kunal Patil"]
[Result "1/2-1/2"]
[WhiteElo "2036"]
[BlackElo "1982"]
[PlyCount "62"]
[EventDate "2023.12.02"]
[EventType "tourn"]
[EventRounds "10"]
[EventCountry "HUN"]
[SourceTitle "CBM 217 Extra"]
[Source "ChessBase"]
[SourceDate "2024.01.31"]
[SourceVersion "1"]
[SourceVersionDate "2024.01.31"]
[SourceQuality "1"]
[WhiteTeam "Team Higher Elo"]
[BlackTeam "Team Lower Elo"]
[WhiteTeamCountry "HUN"]
[BlackTeamCountry "HUN"]

1. e4 c5 2. Nf3 Nc6 3. d4 cxd4 4. Nxd4 Nf6 5. Nc3 e6 6. a3 Be7 7. Be2 0-0 8. Be3 d5 9. exd5 Nxd5 10. Nxd5 Qxd5 11. Bf3 Qa5+ 12. b4 Qc7 13. Nxc6 bxc6 14. 0-0 Ba6 15. Be2 Rfd8 16. Qe1 Bxe2 17. Qxe2 a5 18. Rab1 axb4 19. axb4 Rab8 20. Qc4 Rb5 21. c3 Rdb8 22. Bf4 e5 23. Bg3 Bd6 24. f4 c5 25. fxe5 cxb4 26. Qxc7 Bxc7 27. Rxb4 Rxb4 28. cxb4 Rxb4 29. e6 Bxg3 30. exf7+ Kf8 31. hxg3 Rb7 1/2-1/2

[Event "Eastern Asia-ch U12"]
[Site "Tornelo INT"]
[Date "2021.10.29"]
[Round "1"]
[White "Aditya, Kunal Patil"]
[Black "Hernandez Mendez, Iker"]
[Result "1-0"]
[WhiteElo "1085"]
[BlackElo "1588"]
[PlyCount "101"]
[EventDate "2021.10.29"]
[EventType "swiss"]
[EventRounds "9"]
[EventCountry "NET"]
[SourceTitle "EXT 2023"]
[Source "ChessBase"]
[SourceDate "2022.10.05"]
[SourceVersion "1"]
[SourceVersionDate "2022.10.05"]
[SourceQuality "1"]

1. e4 c5 2. Nc3 d6 3. f4 Nf6 4. Nf3 Nc6 5. Bc4 g6 6. d3 Bg7 7. 0-0 0-0 8. Qe1 a6 9. a4 e6 10. Qh4 d5 11. Ba2 d4 12. Ne2 b5 13. f5 exf5 14. Bh6 Nh5 15. Bg5 Qb6 16. axb5 Qxb5 17. Bc4 Qb6 18. exf5 Kh8 19. g4 h6 20. gxh5 hxg5 21. Nxg5 gxf5 22. Nf4 Ne5 23. Ng6+ Kg8 24. Ne7+ Kh8 25. Ng6+ Kg8 26. Nxf8 Kxf8 27. Rae1 Bb7 28. h6 Bh8 29. Rxf5 Qg6 30. Rexe5 Bxe5 31. Rxf7+ Ke8 32. Rxb7 Bf6 33. Bf7+ Qxf7 34. Rxf7 Bxg5 35. Qxg5 Kxf7 36. Qg7+ Ke6 37. h7 Rb8 38. Qg8+ Rxg8+ 39. hxg8Q+ Ke5 40. Qc4 Kd6 41. Qxa6+ Kd5 42. Qc4+ Kd6 43. b4 cxb4 44. Qxd4+ Kc6 45. Qxb4 Kd5 46. Qe4+ Kd6 47. Qf5 Kc7 48. Qe6 Kb7 49. Qd6 Ka8 50. Qe7 Kb8 51. h4 1-0